|
|
|
|
| LEADER |
00667nta a2200181 i 4500 |
| 001 |
dipl122471 |
| 005 |
20220215144144.0 |
| 008 |
220215s2008 hu om 0|| zxx d |
| 040 |
|
|
|a SZTE Diploma Repozitórium
|b hun
|
| 041 |
|
|
|a zxx
|
| 100 |
1 |
|
|a Mysik Károly
|
| 245 |
1 |
0 |
|a Szervezetfejlesztés, innováció, szervezeti átalakulás, egy XIII. kerületi iskola életében
|h [elektronikus dokumentum] /
|c Károly Mysik
|
| 260 |
|
|
|c 2008
|
| 650 |
|
4 |
|a Bölcsészettudományok
|
| 650 |
|
4 |
|a Social sciences
|
| 650 |
|
4 |
|a Educational sciences
|
| 700 |
1 |
|
|a Barlai Róbertné
|e ths
|
| 856 |
4 |
0 |
|u http://diploma.bibl.u-szeged.hu/id/eprint/122471/1/2008_mysik_karoly.pdf
|z Dokumentum-elérés
|